Derechos y deberes de los pacientes Estudios y textos legales y reglamentarios /

Bibliographic Details
Main Author: Corral Talciani, Hernǹ
Format: eBook
Language:Spanish
Published: Santiago de Chile: Universidad de los Andes (Chile), 2014
Subjects:
Online Access:Acceso restringido

MARC

LEADER 00000nam a22000007a 4500
005 20180402210119.0
007 cr|||| ||||
008 180402s2014 cl |||||s|||| 00||0 spa d
035 |a 21299 
040 |a vLex 
090 |c 7629  |d 7629 
100 1 |a Corral Talciani, Hernǹ 
245 1 0 |a Derechos y deberes de los pacientes  |h [Recurso electrn̤ico] :  |b Estudios y textos legales y reglamentarios /  |c Hernǹ Corral Talciani 
256 |a Servicio en ln̕ea 
260 |a Santiago de Chile:  |b Universidad de los Andes (Chile),  |c 2014 
300 |a 1 recurso electrn̤ico 
506 1 |a Disponible solo en los productos indicados  |d vLex Global  |d vLex Global (Academic Edition, excluding Law Schools)  |d vLex Global (U.S. Academic Edition, Law Schools)  |d vLex Global (U.S. Academic Edition, excluding Law Schools)  |d vLex Global (Academic Edition, Law Schools) 
650 0 4 |a Derecho Civil  |z Chile 
740 0 |a vLex Libros (Servicio en ln̕ea) 
856 4 0 |u http://vlex.com/source/derechos-y-deberes-de-los-pacientes-estudios-y-textos-legales-y-reglamentarios-21299  |z Acceso restringido 
942 |c BOOK 
999 0 |a Civil Law